La Formación política en un nuevo contexto /
Salvato in:
| Autore principale: | |
|---|---|
| Natura: | testo |
| Soggetti: | |
| Tags: |
Aggiungi Tag
Nessun Tag, puoi essere il primo ad aggiungerne!!
|
MARC
| LEADER | 00000 a a2200000 04500 | ||
|---|---|---|---|
| 001 | 11484 | ||
| 003 | |||
| 040 | |||
| 100 | |a Dávila, José | ||
| 245 | |a La Formación política en un nuevo contexto / |c José Dávila | ||
| 650 | |a POLITICA | ||
| 650 | |a CAPACITACION | ||
| 650 | |a ORGANIZACIONES REGIONALES | ||
| 650 | |a IDEOLOGIAS | ||
| 650 | |a DEMOCRATIZACION | ||
| 650 | |a LIBERALIZACION DEL INTERCAMBIO | ||
| 650 | |a CONVIVENCIA PACIFICA | ||
| 773 | |g número 3 -4; páginas 194-215 | ||
| 999 | |c 25618 |d 25618 | ||
